| 000 -LEADER |
| fixed length control field |
01622 a2200253 4500 |
| 003 - CONTROL NUMBER IDENTIFIER |
| control field |
Nust |
| 005 - DATE AND TIME OF LATEST TRANSACTION |
| control field |
20221128151226.0 |
| 010 ## - LIBRARY OF CONGRESS CONTROL NUMBER |
| LC control number |
84026772 |
| 020 ## - INTERNATIONAL STANDARD BOOK NUMBER |
| International Standard Book Number |
0070151156 |
| 020 ## - INTERNATIONAL STANDARD BOOK NUMBER |
| International Standard Book Number |
0830609385 (v. 1) : |
| 040 ## - CATALOGING SOURCE |
| Transcribing agency |
Nust |
| 082 00 - DEWEY DECIMAL CLASSIFICATION NUMBER |
| Classification number |
621.3815,GRA |
| 100 1# - MAIN ENTRY--PERSONAL NAME |
| Personal name |
Graf, Rudolf F. |
| 9 (RLIN) |
63715 |
| 245 14 - TITLE STATEMENT |
| Title |
The encyclopedia of electronic circuits / |
| Statement of responsibility, etc. |
Rudolf F. Graf. |
| 250 ## - EDITION STATEMENT |
| Edition statement |
Volume 7 |
| 260 ## - PUBLICATION, DISTRIBUTION, ETC. |
| Place of publication, distribution, etc. |
Blue Ridge Summit, PA : |
| Name of publisher, distributor, etc. |
Tab Books, |
| Date of publication, distribution, etc. |
c1985-<c1999 > |
| 300 ## - PHYSICAL DESCRIPTION |
| Extent |
1128p |
| Other physical details |
ill. ; |
| Dimensions |
25 cm. |
| 505 ## - FORMATTED CONTENTS NOTE |
| Formatted contents note |
Active antenna circuits (Page-1), Alarm and security circuits (Page-6), Amateur radio circuits(Page-17), Amateur TV circuits (Page-26), Amplifier circuits-audio (Page-32), Amplifier circuits-miscellaneous (Page-46), Amplifier circuits-RF (Page-63), Amplifier circuits-vacuum tube (Page-73), Analog to digital converter circuits (Page-76), Antenna circuits (Page-79), Automotive circuits (Page-91), Automotive security circuits(Page-108), Battery backup and switchover circuits (Page-114), Battery charger circuits(page 117), Battery test and monitor circuits (Page-132), Bugging circuits (Page-143), Clock circuits (Page- 147), Display circuits (Page-271), Optical circuits (Page-655), Probe circuits (Page-804), Theremin circuits (Page- 966), Video circuits (Page-1006), Weather related circuits (Page-1036). |
| 650 #0 - SUBJECT ADDED ENTRY--TOPICAL TERM |
| Topical term or geographic name entry element |
Telecommunication Engineering. |
| 700 1# - ADDED ENTRY--PERSONAL NAME |
| Personal name |
Sheets, William. |
| 9 (RLIN) |
103706 |
| 856 42 - ELECTRONIC LOCATION AND ACCESS |
| Materials specified |
Contributor biographical information |
| Uniform Resource Identifier |
<a href="http://www.loc.gov/catdir/bios/mh042/84026772.html">http://www.loc.gov/catdir/bios/mh042/84026772.html</a> |
| 856 42 - ELECTRONIC LOCATION AND ACCESS |
| Materials specified |
Table of contents |
| Uniform Resource Identifier |
<a href="http://www.loc.gov/catdir/toc/mh041/84026772.html">http://www.loc.gov/catdir/toc/mh041/84026772.html</a> |
| 942 ## - ADDED ENTRY ELEMENTS (KOHA) |
| Koha item type |
Reference |
| Source of classification or shelving scheme |
|